| 000 | 00524nam a2200157 4500 | ||
|---|---|---|---|
| 999 |
_c507936 _d507936 |
||
| 008 | 190301b ||||| |||| 00| 0 eng d | ||
| 100 |
_aChakraborty, Dipanwita _92825 |
||
| 245 |
_aMGNREGS raising rural indebtedness: _bevidences from Micro level analysis in West Bengal |
||
| 260 | _c2018 | ||
| 300 | _ap.243-271. | ||
| 650 |
_aMGNREGS _92826 |
||
| 700 |
_eKumar, Pramod _92827 |
||
| 773 | _aIASSI Quarterly: Contributions to Indian Social Science | ||
| 906 | _aRural Employment - India - West Bengal | ||
| 942 |
_2ddc _cAR |
||